Normal view
MARC view
- البلاغة العربية-تاريخ-البلاغة بين عهدين في ظلال الذوق الأزلي وتحت سلطان العلم النظري
Entry Topical Term
001 - CONTROL NUMBER
- control field: 18355
003 - CONTROL NUMBER IDENTIFIER
- control field: JO-AjAnu
005 - DATE AND TIME OF LATEST TRANSACTION
- control field: 20230606073226.0
008 - FIXED-LENGTH DATA ELEMENTS
- fixed length control field: 230606|| aca||aabn | a|a d
040 ## - CATALOGING SOURCE
- Original cataloging agency: JO-AjAnu
- Transcribing agency: JO-AjAnu
150 ## - HEADING--TOPICAL TERM
- Topical term or geographic name entry element: البلاغة العربية-تاريخ-البلاغة بين عهدين في ظلال الذوق الأزلي وتحت سلطان العلم النظري
670 ## - SOURCE DATA FOUND
- Source citation: Work cat.: (JO-AjAnu)9422: نايل احمد، محمد, author 18354, البلاغة بين عهدين في ظلال الذوق الأزلي وتحت سلطان العلم النظري